<?xml version="1.0" encoding="UTF-8"?>
<record
    xmlns:xsi="http://www.w3.org/2001/XMLSchema-instance"
    xsi:schemaLocation="http://www.loc.gov/MARC21/slim http://www.loc.gov/standards/marcxml/schema/MARC21slim.xsd"
    xmlns="http://www.loc.gov/MARC21/slim">

  <leader>01797nam a2200337uu 4500</leader>
  <controlfield tag="001">1368291</controlfield>
  <controlfield tag="005">20260508084701.0</controlfield>
  <controlfield tag="008">140429e20110429                    spa  </controlfield>
  <datafield tag="020" ind1=" " ind2=" ">
    <subfield code="a">9789584497772</subfield>
  </datafield>
  <datafield tag="035" ind1=" " ind2=" ">
    <subfield code="a">1368291</subfield>
  </datafield>
  <datafield tag="040" ind1=" " ind2=" ">
    <subfield code="c">comduadb</subfield>
  </datafield>
  <datafield tag="041" ind1=" " ind2=" ">
    <subfield code="a">spa</subfield>
  </datafield>
  <datafield tag="082" ind1=" " ind2="4">
    <subfield code="a">658</subfield>
  </datafield>
  <datafield tag="100" ind1="1" ind2="0">
    <subfield code="a">Lalinde Cardona, Sof&#xED;a</subfield>
    <subfield code="4">aut</subfield>
    <subfield code="e">aut</subfield>
    <subfield code="9">437637</subfield>
  </datafield>
  <datafield tag="245" ind1="1" ind2="0">
    <subfield code="a">Al o&#xED;do del gerente : casos reales de aplicaci&#xF3;n de conceptos financieros b&#xE1;sicos</subfield>
  </datafield>
  <datafield tag="250" ind1=" " ind2=" ">
    <subfield code="a">Cuarta edici&#xF3;n</subfield>
  </datafield>
  <datafield tag="260" ind1=" " ind2=" ">
    <subfield code="a">Medell&#xED;n :</subfield>
    <subfield code="b">Autor(a),</subfield>
    <subfield code="c">2021.</subfield>
  </datafield>
  <datafield tag="300" ind1=" " ind2=" ">
    <subfield code="a">93 p&#xE1;ginas</subfield>
  </datafield>
  <datafield tag="505" ind1=" " ind2=" ">
    <subfield code="a">CONTENIDO : Presentaci&#xF3;n. -- Para qui&#xE9;n se trabaja : mercado espec&#xED;fico. -- Gastar menos de lo que se tiene. Contabilidad y capacidad de endeudamiento. -- Trabajar para ganar. Precio de venta y punto de equilibrio. -- Ver pasar y no tocar. Capital de trabajo. -- Planear para luego disfrutar. Flujo de caja. -- Crear valor, mantenerlo y aumentarlo. Evaluaci&#xF3;n del valor agregado, indicadores de gesti&#xF3;n y el valor de la empresa. -- Ep&#xED;logo. -- Glosario. T&#xE9;rminos, f&#xF3;rmulas y reglas.</subfield>
  </datafield>
  <datafield tag="520" ind1="3" ind2=" ">
    <subfield code="a">RESUMEN : Al o&#xED;do del gerente explica con clariedad los conceptos estudiados en la universidad, al presentar los negocios con problemas realez, intercalados con historias del campo, que tambi&#xE9;n dejan una valiosa ense&#xF1;anza. En pocas palabras, es un libro ameno, f&#xE1;cil de leer y entender.</subfield>
  </datafield>
  <datafield tag="650" ind1=" " ind2="7">
    <subfield code="a">Administraci&#xF3;n de empresas</subfield>
    <subfield code="2">lemb</subfield>
    <subfield code="9">40359</subfield>
  </datafield>
  <datafield tag="650" ind1=" " ind2="7">
    <subfield code="a">Empresas</subfield>
    <subfield code="x">Finanzas</subfield>
    <subfield code="2">lemb</subfield>
    <subfield code="9">1926</subfield>
  </datafield>
  <datafield tag="650" ind1=" " ind2="7">
    <subfield code="a">Administraci&#xF3;n financiera</subfield>
    <subfield code="2">lemb</subfield>
    <subfield code="9">51437</subfield>
  </datafield>
  <datafield tag="650" ind1=" " ind2=" ">
    <subfield code="a">Planeaci&#xF3;n financiera</subfield>
    <subfield code="9">185723</subfield>
  </datafield>
  <datafield tag="650" ind1=" " ind2=" ">
    <subfield code="a">Contabilidad empresarial</subfield>
    <subfield code="9">77276</subfield>
  </datafield>
  <datafield tag="650" ind1=" " ind2="0">
    <subfield code="a">Endeudamiento</subfield>
    <subfield code="9">9125</subfield>
  </datafield>
  <datafield tag="650" ind1=" " ind2="7">
    <subfield code="a">Flujo de caja</subfield>
    <subfield code="2">lemb</subfield>
    <subfield code="9">33495</subfield>
  </datafield>
  <datafield tag="650" ind1=" " ind2=" ">
    <subfield code="a">Valor agregado</subfield>
    <subfield code="9">15176</subfield>
  </datafield>
  <datafield tag="650" ind1=" " ind2=" ">
    <subfield code="a">Capital financiero</subfield>
    <subfield code="9">113090</subfield>
  </datafield>
  <datafield tag="942" ind1=" " ind2=" ">
    <subfield code="c">BOOK</subfield>
  </datafield>
  <datafield tag="999" ind1=" " ind2=" ">
    <subfield code="c">672486</subfield>
    <subfield code="d">672486</subfield>
  </datafield>
  <datafield tag="952" ind1=" " ind2=" ">
    <subfield code="0">0</subfield>
    <subfield code="1">0</subfield>
    <subfield code="2">ddc</subfield>
    <subfield code="4">0</subfield>
    <subfield code="7">0</subfield>
    <subfield code="8">GENERAL</subfield>
    <subfield code="a">CARME</subfield>
    <subfield code="b">CARME</subfield>
    <subfield code="d">2022-02-10</subfield>
    <subfield code="e">Material adquirido por donaci&#xF3;n</subfield>
    <subfield code="f">DONA</subfield>
    <subfield code="g">20000.00</subfield>
    <subfield code="i">C13319794</subfield>
    <subfield code="l">0</subfield>
    <subfield code="o">658.15 L195</subfield>
    <subfield code="p">01088138</subfield>
    <subfield code="r">2023-05-02 00:00:00</subfield>
    <subfield code="t">2</subfield>
    <subfield code="w">2023-05-02</subfield>
    <subfield code="y">BOOK</subfield>
  </datafield>
</record>
